Normal view
MARC view
- Dr. Khurran Kamal
Entry Personal Name
001 - CONTROL NUMBER
- control field: 17326
003 - CONTROL NUMBER IDENTIFIER
- control field: NUST
005 - DATE AND TIME OF LATEST TRANSACTION
- control field: 20190710111024.0
008 - FIXED-LENGTH DATA ELEMENTS
- fixed length control field: 190710|| aca||aabn | a|a d
040 ## - CATALOGING SOURCE
- Original cataloging agency: NUST
- Transcribing agency: NUST
100 ## - HEADING--PERSONAL NAME
- Personal name: Dr. Khurran Kamal
670 ## - SOURCE DATA FOUND
- Source citation: Work cat.: (NUST): Javed, Tayyeba 17325, The Use of Multi-Modal Satnllite Imagery for Detection of Palmyra Trees: A machine Learning-Based Approach /, 2018.
